[Event "Wch Seniors 23rd 2013"]
[Site "Opatija"]
[Date "2013.11.20"]
[Round "8.47"]
[White "Pushkov, Nikolai"]
[Black "Ladisic, Alex-Sacha"]
[Result "1-0"]
[WhiteElo "2371"]
[BlackElo "1948"]
[PlyCount "31"]
[EventDate "2013.11.12"]

1. c4 Nf6 2. Nf3 d6 3. d4 Nc6 4. d5 Ne5 5. Nxe5 dxe5 6. Nc3 e6 7. e4 Bc5 8. Be2
c6 9. O-O Qc7 10. Bg5 O-O 11. Qd2 Bd4 12. Bf3 a5 13. Ne2 c5 14. Bxf6 gxf6 15.
Qh6 Ra6 16. Ng3 1-0

[Event "Wch Seniors 23rd 2013"]
[Site "Opatija"]
[Date "2013.11.20"]
[Round "8.48"]
[White "Frick, Christoph"]
[Black "Hutchinson, Norman A"]
[Result "1-0"]
[WhiteElo "2254"]
[BlackElo "2106"]
[PlyCount "53"]
[EventDate "2013.11.12"]

1. e4 c6 2. Nc3 d5 3. Nf3 Bg4 4. h3 Bxf3 5. Qxf3 e6 6. d3 d4 7. Nb1 Ne7 8. g3
Nd7 9. Bg2 c5 10. O-O Nc6 11. Qe2 e5 12. Nd2 b5 13. f4 Bd6 14. Nf3 O-O 15. Nh4
g6 16. f5 Kg7 17. Qd2 Be7 18. Qh6+ Kg8 19. Nf3 Qe8 20. h4 f6 21. Bh3 Rf7 22.
fxg6 Rg7 23. Be6+ Kh8 24. Bf7 Qf8 25. h5 Nd8 26. Bd5 Rc8 27. Ng5 1-0

[Event "Wch Seniors 23rd 2013"]
[Site "Opatija"]
[Date "2013.11.20"]
[Round "8.49"]
[White "Harestad, Thor Geir"]
[Black "Hedin, Gunnar"]
[Result "1-0"]
[WhiteElo "2238"]
[BlackElo "2100"]
[PlyCount "96"]
[EventDate "2013.11.12"]

1. c4 f5 2. g3 Nf6 3. Bg2 g6 4. Nc3 Bg7 5. d3 O-O 6. e4 fxe4 7. dxe4 d6 8. Nge2
c5 9. O-O Nc6 10. h3 e5 11. f4 Be6 12. Nd5 Qd7 13. Kh2 Kh8 14. Qd3 exf4 15.
gxf4 Nh5 16. Rb1 Rae8 17. a3 Rf7 18. Be3 a5 19. Rf2 Ref8 20. Rbf1 Bxb2 21. Nec3
Bxc3 22. Qxc3+ Kg8 23. Rg1 Ng7 24. Qd2 Rb8 25. Rb1 Nh5 26. Rd1 Qd8 27. f5 gxf5
28. exf5 Rxf5 29. Rxf5 Bxf5 30. Bg5 Qf8 31. Rf1 Re8 32. Bh6 Ng7 33. Qb2 Re5 34.
Qxb7 Nd8 35. Qb2 Nde6 36. Nf4 Nd4 37. Bd5+ Kh8 38. Nh5 Re7 39. Bxg7+ Rxg7 40.
Nxg7 Kxg7 41. Be4 Qf6 42. Qg2+ Kh6 43. Qg3 Qe6 44. Rf4 Bg6 45. Bd5 Qe5 46. Rf2
Qe7 47. Qf4+ Kg7 48. Rb2 Qe5 1-0

[Event "Wch Seniors 23rd 2013"]
[Site "Opatija"]
[Date "2013.11.20"]
[Round "8.50"]
[White "Kurka, Dieter"]
[Black "Acers, Jude"]
[Result "0-1"]
[WhiteElo "2091"]
[BlackElo "2230"]
[PlyCount "99"]
[EventDate "2013.11.12"]

1. d4 d5 2. c4 dxc4 3. e3 Be6 4. Nf3 Nf6 5. Nc3 c6 6. Ng5 Bd5 7. e4 h6 8. exd5
hxg5 9. dxc6 Nxc6 10. d5 Ne5 11. Qd4 Ng6 12. Bxc4 e5 13. Bb5+ Nd7 14. Qa4 Be7
15. Ne4 Rh4 16. g3 Rxe4+ 17. Qxe4 Qa5+ 18. Bd2 Qxb5 19. Bc3 Nc5 20. Qc2 Nd3+
21. Kd2 Nb4 22. Qe4 Qxd5+ 23. Qxd5 Nxd5 24. Rad1 O-O-O 25. Kc2 g4 26. h4 gxh3
27. Rxh3 Bc5 28. Be1 f5 29. Rh5 Nge7 30. Rh7 g6 31. a3 e4 32. Rc1 Kb8 33. b4
Bb6 34. Kb3 e3 35. fxe3 Bxe3 36. Rc4 Nc6 37. Bc3 Nxc3 38. Rxc3 Bd2 39. Rc4 g5
40. Rc5 Be3 41. Rc3 f4 42. gxf4 gxf4 43. Rf7 Nd4+ 44. Ka4 Nc6 45. b5 Ne5 46.
Rf5 Nd7 47. Kb3 b6 48. Rc6 Nc5+ 49. Kc4 Ne4 50. Rf7 0-1

[Event "Wch Seniors 23rd 2013"]
[Site "Opatija"]
[Date "2013.11.20"]
[Round "8.54"]
[White "Taksrud, Vidar"]
[Black "Singer, Hans"]
[Result "1-0"]
[WhiteElo "2063"]
[BlackElo "2177"]
[PlyCount "75"]
[EventDate "2013.11.12"]

1. Nf3 d5 2. d4 e6 3. g3 c5 4. Bg2 Nc6 5. O-O Nf6 6. c4 cxd4 7. cxd5 Qxd5 8.
Nxd4 Qd7 9. Nxc6 bxc6 10. Qa4 Bb7 11. Rd1 Qc8 12. Nc3 Be7 13. Bf4 O-O 14. e4
Nd7 15. Bd6 Nb6 16. Qc2 Bxd6 17. Rxd6 Qc7 18. Rad1 Nd5 19. Nxd5 exd5 20. R6xd5
Rad8 21. Rc1 Qb6 22. Rc5 Rd4 23. Bf3 Rfd8 24. Re5 g6 25. b3 Rd2 26. Re8+ Kg7
27. Qc3+ Kh6 28. Rf1 Rxa2 29. Re5 Rd6 30. Re7 f6 31. Qc1+ Rad2 32. e5 fxe5 33.
Qc4 e4 34. Qxe4 R2d4 35. Qe3+ g5 36. h4 Rg6 37. hxg5+ Rxg5 38. Re6+ 1-0

[Event "Wch Seniors 23rd 2013"]
[Site "Opatija"]
[Date "2013.11.20"]
[Round "8.56"]
[White "Doubleday, William G"]
[Black "Markovic, Lazar"]
[Result "1/2-1/2"]
[WhiteElo "2037"]
[BlackElo "2172"]
[PlyCount "54"]
[EventDate "2013.11.12"]

1. d4 c5 2. e3 d6 3. Nf3 Bg4 4. dxc5 Qa5+ 5. Nc3 Qxc5 6. Qd5 Nc6 7. Bb5 Qxd5 8.
Nxd5 O-O-O 9. Bd2 Bxf3 10. gxf3 e6 11. Nc3 Nf6 12. O-O-O d5 13. Be2 e5 14. a3
Be7 15. Bd3 g6 16. f4 Ng4 17. Rdf1 exf4 18. exf4 f5 19. f3 Nf6 20. Re1 d4 21.
Ne2 Bc5 22. Kd1 Nd5 23. Kc1 a6 24. h4 Nf6 25. Ng3 Nd5 26. h5 Bd6 27. Ne2 Nf6
1/2-1/2

[Event "Wch Seniors 23rd 2013"]
[Site "Opatija"]
[Date "2013.11.20"]
[Round "8.57"]
[White "Diaz Franco, Francisco Jorge"]
[Black "Baeta, Marcio Netto"]
[Result "0-1"]
[WhiteElo "1966"]
[BlackElo "2068"]
[PlyCount "52"]
[EventDate "2013.11.12"]

1. c4 b6 2. Nf3 Bb7 3. g3 e6 4. Bg2 f5 5. O-O Nf6 6. b3 Be7 7. Bb2 O-O 8. d3 d6
9. Nd4 Bxg2 10. Kxg2 Qd7 11. e3 e5 12. Qf3 exd4 13. Qxa8 Nc6 14. Qb7 Rb8 15.
Qa6 Nb4 16. Qb5 Qxb5 17. cxb5 dxe3 18. fxe3 Nc2 19. Rxf5 Nxe3+ 20. Kf3 Nxf5 21.
Nd2 Rf8 22. Rc1 Ne8 23. Ke2 Bf6 24. Bxf6 Rxf6 25. Nc4 Re6+ 26. Kd2 Nd4 0-1

[Event "Wch Seniors 23rd 2013"]
[Site "Opatija"]
[Date "2013.11.20"]
[Round "8.58"]
[White "Balmazi, Leon"]
[Black "Belistri, Ubaldo"]
[Result "1-0"]
[WhiteElo "2159"]
[BlackElo "2016"]
[PlyCount "55"]
[EventDate "2013.11.12"]

1. d4 Nf6 2. Nf3 g6 3. Bf4 Bg7 4. e3 d6 5. c4 O-O 6. h3 c5 7. Nc3 cxd4 8. exd4
b6 9. Be2 Bb7 10. d5 Nbd7 11. O-O Rc8 12. Rc1 Nh5 13. Bg5 h6 14. Be3 Nhf6 15.
Nd4 a6 16. Re1 Nc5 17. Bf3 a5 18. a3 Nfd7 19. b4 axb4 20. axb4 Na6 21. Qb3 Kh7
22. Na4 h5 23. Nc6 Bxc6 24. dxc6 Ne5 25. Bxb6 Nxf3+ 26. Qxf3 Nc7 27. Nc3 e6 28.
Nb5 1-0

[Event "Wch Seniors 23rd 2013"]
[Site "Opatija"]
[Date "2013.11.20"]
[Round "8.59"]
[White "Ramos, Cesar"]
[Black "Vrhovnik, Damir"]
[Result "0-1"]
[WhiteElo "2009"]
[BlackElo "2108"]
[PlyCount "95"]
[EventDate "2013.11.12"]

1. e4 c5 2. Nf3 d6 3. Bb5+ Nd7 4. c4 a6 5. Ba4 Ngf6 6. Nc3 g6 7. O-O Bg7 8. d4
cxd4 9. Nxd4 O-O 10. Bc2 Qc7 11. Qe2 Ne5 12. Bb3 Bd7 13. Nc2 Rac8 14. Ne3 e6
15. f4 Nc6 16. Kh1 Nd4 17. Qd3 Nxb3 18. axb3 Rfd8 19. Bd2 Bc6 20. Rac1 b6 21.
f5 Qb7 22. fxe6 fxe6 23. Rf4 g5 24. Rxf6 Bxf6 25. Ng4 Qe7 26. Qg3 Bg7 27. Re1
Kh8 28. Be3 b5 29. Bb6 Rd7 30. Rd1 b4 31. Nb1 Bxe4 32. Nd2 Bg6 33. Nf3 Be4 34.
Be3 Bxf3 35. Qxf3 d5 36. Rc1 d4 37. Bd2 Rf8 38. Qc6 h5 39. Bxb4 Qxb4 40. Qxd7
Qd2 41. Rg1 hxg4 42. Qxe6 Qf4 43. g3 Qf3+ 44. Rg2 Rf6 45. Qe8+ Kh7 46. Qh5+ Rh6
47. Qxg5 Qf1+ 48. Rg1 0-1

[Event "Wch Seniors 23rd 2013"]
[Site "Opatija"]
[Date "2013.11.20"]
[Round "8.60"]
[White "Vikulov, Alexander"]
[Black "Kayaman, Metin"]
[Result "1-0"]
[WhiteElo "2290"]
[BlackElo "1865"]
[PlyCount "145"]
[EventDate "2013.11.12"]

1. Nf3 Nf6 2. d4 e6 3. c4 c5 4. Nc3 cxd4 5. Nxd4 Nc6 6. Ndb5 d6 7. Bf4 e5 8.
Bg5 a6 9. Na3 Be7 10. g3 Be6 11. Bg2 O-O 12. O-O Rc8 13. Rc1 Na5 14. Bxf6 Bxf6
15. Nd5 Bg5 16. e3 Nc6 17. Qe2 g6 18. Rfd1 Ne7 19. Nxe7+ Qxe7 20. Rc2 Rfd8 21.
Rcd2 Qc7 22. b3 Be7 23. Nb1 Rd7 24. Nc3 b5 25. Nd5 Bxd5 26. Bxd5 bxc4 27. Bxc4
a5 28. h4 Bf8 29. h5 Rdd8 30. hxg6 hxg6 31. a4 Kg7 32. Qf3 Qe7 33. e4 Rc5 34.
Kg2 Qf6 35. Qg4 Be7 36. Rd3 Ra8 37. Rh1 g5 38. Rf3 Qg6 39. Rf5 f6 40. Rf3 Rc7
41. Be6 Rh8 42. Rxh8 Kxh8 43. Bf5 Qh6 44. Rd3 Rc1 45. Rd1 Rxd1 46. Qxd1 Qg7 47.
Qd5 Qg8 48. Qxa5 Qxb3 49. Qc7 Qf7 50. a5 g4 51. Bxg4 Qg8 52. Qxe7 Qxg4 53.
Qxf6+ Kg8 54. Qf5 Qe2 55. Qe6+ Kh8 56. Qd5 Qa6 57. Qd2 Qc4 58. f3 Qa6 59. g4
Kg7 60. Kg3 Kg6 61. Kh4 Kf7 62. Qa2+ Ke7 63. Kg5 Qd3 64. Qf2 Qa6 65. Qb6 Qd3
66. Qa7+ Ke6 67. Qh7 Qd2+ 68. Kg6 Qf4 69. Qg8+ Ke7 70. Qg7+ Ke6 71. g5 d5 72.
exd5+ Kxd5 73. Qf7+ 1-0

[Event "Wch Seniors 23rd 2013"]
[Site "Opatija"]
[Date "2013.11.20"]
[Round "8.61"]
[White "Green, Per"]
[Black "Beltz, Robert"]
[Result "0-1"]
[WhiteElo "1990"]
[BlackElo "2208"]
[PlyCount "109"]
[EventDate "2013.11.12"]

1. Nf3 c5 2. c4 b6 3. g3 Bb7 4. Bg2 e6 5. Nc3 Nf6 6. O-O d6 7. Re1 Be7 8. e4 a6
9. d4 cxd4 10. Nxd4 Qc7 11. Be3 Nbd7 12. f4 h5 13. h3 Rc8 14. Rc1 Qb8 15. Qe2
g6 16. Bf2 Qa8 17. Bf3 Kf8 18. e5 dxe5 19. fxe5 Ng8 20. Bxb7 Qxb7 21. Nf3 Nh6
22. Red1 Kg7 23. Ne4 Rc7 24. Nd6 Qa8 25. b3 Rd8 26. Bd4 Qb8 27. Bb2 Nc5 28. Kg2
Rcd7 29. Qe3 Nf5 30. Qf4 Qa8 31. Kh2 Kg8 32. Ng5 Bxg5 33. Qxg5 Ne4 34. Qf4
Nexg3 35. Rc2 h4 36. Rg2 Qc6 37. Re1 Rf8 38. Ba3 Rfd8 39. Qg5 Rb8 40. Qf6 Qf3
41. c5 bxc5 42. Bxc5 Qc3 43. Nxf5 exf5 44. Bf2 Rb4 45. Qxa6 Ne4 46. Bxh4 Qxe5+
47. Bg3 Qc3 48. Qa8+ Kh7 49. Reg1 Rb5 50. Qe8 Rbd5 51. Be1 Qc7+ 52. Kh1 Rd3 53.
Rh2 Qb7 54. Rgg2 Re3 55. Bh4 0-1

[Event "Wch Seniors 23rd 2013"]
[Site "Opatija"]
[Date "2013.11.20"]
[Round "8.62"]
[White "Ofstad, Per"]
[Black "Nilsson, Weine"]
[Result "1/2-1/2"]
[WhiteElo "2181"]
[BlackElo "2003"]
[PlyCount "40"]
[EventDate "2013.11.12"]

1. Nf3 Nf6 2. d4 d5 3. c4 c6 4. e3 a6 5. Nc3 e6 6. Bd2 Nbd7 7. cxd5 exd5 8. Bd3
Bd6 9. O-O O-O 10. Re1 Re8 11. Qc2 c5 12. e4 c4 13. Bxc4 dxc4 14. e5 Be7 15.
exf6 Nxf6 16. Ne4 b5 17. Nxf6+ Bxf6 18. Ba5 Rxe1+ 19. Rxe1 Qd7 20. Ne5 Qf5
1/2-1/2

[Event "Wch Seniors 23rd 2013"]
[Site "Opatija"]
[Date "2013.11.20"]
[Round "8.65"]
[White "Petzold, Hans"]
[Black "Mckerracher, Douglas"]
[Result "1/2-1/2"]
[WhiteElo "2130"]
[BlackElo "2006"]
[PlyCount "81"]
[EventDate "2013.11.12"]

1. e4 d5 2. exd5 Qxd5 3. Nc3 Qa5 4. Bc4 Nf6 5. d3 Bg4 6. f3 Bd7 7. Bd2 c6 8.
Qe2 e6 9. Nh3 b5 10. Nxb5 Qb6 11. Nc3 Na6 12. Bb3 Nc7 13. Nf2 Ncd5 14. Nfe4 Be7
15. Nxf6+ gxf6 16. O-O-O Rg8 17. Rde1 Nxc3 18. Bxc3 a5 19. g3 a4 20. Bc4 Rb8
21. Qe4 Rg6 22. f4 f5 23. Qe2 Bb4 24. Qd2 Ba3 25. Kd1 Bxb2 26. Bxb2 Qxb2 27.
Qa5 Qd4 28. Kd2 Ke7 29. Qxa4 Rgg8 30. Qa3+ c5 31. Qc3 Qf2+ 32. Re2 Qf3 33. Rhe1
Qc6 34. Re5 h5 35. R1e2 h4 36. Rxf5 Rg6 37. g4 Rb1 38. Rg5 Qh1 39. Qe5 Qc1+ 40.
Kc3 Qb2+ 41. Kd2 1/2-1/2

[Event "Wch Seniors 23rd 2013"]
[Site "Opatija"]
[Date "2013.11.20"]
[Round "8.66"]
[White "Acosta, Mariano"]
[Black "Zhelesny, Stanislav"]
[Result "1/2-1/2"]
[WhiteElo "1978"]
[BlackElo "2109"]
[PlyCount "87"]
[EventDate "2013.11.12"]

1. d4 Nf6 2. Nf3 g6 3. Bg5 d5 4. Nbd2 Bg7 5. e3 O-O 6. Bd3 Nbd7 7. c3 c5 8. O-O
b6 9. a4 a6 10. b4 c4 11. Bc2 Bb7 12. Ne5 Ne8 13. f4 f6 14. Nxd7 Qxd7 15. Bh4
Nd6 16. g4 f5 17. gxf5 Nxf5 18. Bf2 Nd6 19. Nf3 Ne4 20. Bxe4 dxe4 21. Nd2 Bd5
22. Kh1 Bh6 23. Bg3 Rf7 24. Qe2 Qe6 25. Rf2 Raf8 26. a5 b5 27. Raf1 Qh3 28. Kg1
Bg7 29. Rg2 Rf5 30. Be1 Rh5 31. Rg3 Qe6 32. Rf2 Kh8 33. Rgg2 Qc6 34. Rg5 Rxg5+
35. fxg5 Rxf2 36. Qxf2 e5 37. Nf1 Qe6 38. Qg3 Qf5 39. Bf2 Qf3 40. Qxf3 exf3 41.
Bg3 exd4 42. exd4 Kg8 43. Kf2 Kf7 44. Ke3 1/2-1/2

[Event "Wch Seniors 23rd 2013"]
[Site "Opatija"]
[Date "2013.11.20"]
[Round "8.67"]
[White "Blaeser, Romain"]
[Black "Gromark, Per-Olof"]
[Result "1/2-1/2"]
[WhiteElo "1971"]
[BlackElo "2102"]
[PlyCount "60"]
[EventDate "2013.11.12"]

1. d4 Nf6 2. Nf3 g6 3. Nc3 d5 4. Bf4 Bg7 5. e3 O-O 6. Be2 c5 7. Ne5 cxd4 8.
exd4 Nc6 9. O-O Qb6 10. Nxc6 bxc6 11. Na4 Qa5 12. c3 Nd7 13. b4 Qd8 14. Re1 e5
15. dxe5 Nxe5 16. Qd2 Bf5 17. Rad1 a5 18. b5 Qh4 19. bxc6 Rac8 20. Nb6 Rxc6 21.
Nxd5 Nc4 22. Bxc4 Rxc4 23. Bg5 Qg4 24. h3 Qh5 25. Nf6+ Bxf6 26. Bxf6 Bxh3 27.
gxh3 Qxh3 28. Bd4 Qg4+ 29. Kf1 Qh3+ 30. Kg1 Qg4+ 1/2-1/2

[Event "Wch Seniors 23rd 2013"]
[Site "Opatija"]
[Date "2013.11.20"]
[Round "8.68"]
[White "Lovejoy, David"]
[Black "Hjertenes, Oystein"]
[Result "0-1"]
[WhiteElo "1943"]
[BlackElo "2102"]
[PlyCount "90"]
[EventDate "2013.11.12"]

1. e4 g6 2. d4 Bg7 3. Nf3 c6 4. Nc3 d5 5. e5 f6 6. Bf4 Nd7 7. h4 h5 8. Bd3 f5
9. Qe2 e6 10. O-O Bh6 11. Bxh6 Nxh6 12. Qd2 Qe7 13. Ne2 Nf7 14. Ng5 Nxg5 15.
hxg5 Nf8 16. f4 Kf7 17. c4 Bd7 18. b4 Nh7 19. a4 Rhc8 20. Rfc1 Nf8 21. c5 Kg7
22. Rcb1 a6 23. Nc3 Be8 24. b5 axb5 25. axb5 Nd7 26. bxc6 bxc6 27. Rxa8 Rxa8
28. Rb7 Qd8 29. Qb2 Kg8 30. Bc2 Ra5 31. Qb4 Ra1+ 32. Kf2 Qa8 33. Ba4 Qa6 34.
Bd1 Qd3 35. Be2 Qd2 36. Nxd5 Qc1 37. Rxd7 exd5 38. Rb7 Qxf4+ 39. Bf3 Ra2+ 40.
Kf1 Qh2 41. Be2 Qf4+ 42. Bf3 Qe3 43. Qe1 Qxd4 44. e6 Ra1 45. Rb1 Qd3+ 0-1

[Event "Wch Seniors 23rd 2013"]
[Site "Opatija"]
[Date "2013.11.20"]
[Round "8.69"]
[White "Meizlin, Yaacov"]
[Black "Skok, Joze"]
[Result "1/2-1/2"]
[WhiteElo "2102"]
[BlackElo "2003"]
[PlyCount "83"]
[EventDate "2013.11.12"]

1. e4 c6 2. Nc3 d5 3. Qf3 dxe4 4. Nxe4 Nd7 5. Qg3 Ngf6 6. Nc3 g6 7. Be2 Bg7 8.
h4 h5 9. Nf3 Qa5 10. a3 Nd5 11. O-O Qc7 12. Qxc7 Nxc7 13. d4 O-O 14. Re1 Re8
15. Bc4 Nb6 16. Bd3 Ne6 17. Ne2 Rd8 18. Be3 Nd5 19. Bd2 Ndc7 20. Bc3 c5 21.
dxc5 Nxc5 22. Bc4 Be6 23. Bxe6 N7xe6 24. Bxg7 Kxg7 25. Ng3 Rac8 26. b3 Kf8 27.
Re3 Nd4 28. Nxd4 Rxd4 29. Rc3 Rdd8 30. Re1 Ne6 31. Rxc8 Rxc8 32. c4 Nd4 33. Re3
Nc2 34. Re2 Nd4 35. Rb2 b5 36. cxb5 Nxb5 37. a4 Nd4 38. Nf1 e5 39. g3 Nf3+ 40.
Kg2 Ne1+ 41. Kh3 Rc1 42. Re2 1/2-1/2

[Event "Wch Seniors 23rd 2013"]
[Site "Opatija"]
[Date "2013.11.20"]
[Round "8.70"]
[White "Danielsson, Robert"]
[Black "Cao, Jorge"]
[Result "1/2-1/2"]
[WhiteElo "2098"]
[BlackElo "1990"]
[PlyCount "44"]
[EventDate "2013.11.12"]

1. d4 Nf6 2. c4 c5 3. Nf3 g6 4. Nc3 Bg7 5. g3 O-O 6. Bg2 d6 7. dxc5 dxc5 8. Ne5
Qxd1+ 9. Nxd1 Nfd7 10. Nxd7 Nxd7 11. Be3 Rb8 12. Rc1 b6 13. Nc3 Bb7 14. O-O
Bxg2 15. Kxg2 Ne5 16. b3 Rbd8 17. Rfd1 Nc6 18. Bd2 Rd7 19. Be1 Rfd8 20. Rxd7
Rxd7 21. Rd1 Rxd1 22. Nxd1 e6 1/2-1/2

[Event "Wch Seniors 23rd 2013"]
[Site "Opatija"]
[Date "2013.11.20"]
[Round "8.71"]
[White "Finnlaugsson, Gunnar"]
[Black "Hocevar, Nikola"]
[Result "1/2-1/2"]
[WhiteElo "2082"]
[BlackElo "1996"]
[PlyCount "28"]
[EventDate "2013.11.12"]

1. Nf3 c5 2. c4 Nc6 3. Nc3 g6 4. d4 cxd4 5. Nxd4 Bg7 6. e3 Nf6 7. Be2 O-O 8.
O-O d5 9. Nxc6 bxc6 10. Qa4 Bd7 11. Rd1 e6 12. Qc2 Qc7 13. e4 d4 14. Na4 c5
1/2-1/2

[Event "Wch Seniors 23rd 2013"]
[Site "Opatija"]
[Date "2013.11.20"]
[Round "8.72"]
[White "Zhukov, Viktor I"]
[Black "Ramusch, Arnulf"]
[Result "1-0"]
[WhiteElo "2069"]
[BlackElo "1979"]
[PlyCount "65"]
[EventDate "2013.11.12"]

1. e4 e6 2. Nc3 d5 3. Nf3 dxe4 4. Nxe4 Nd7 5. d4 Ngf6 6. Bd3 c5 7. c3 cxd4 8.
Nxd4 Nxe4 9. Bxe4 Nc5 10. Qe2 Bd6 11. O-O O-O 12. Nb5 Bb8 13. Bc2 e5 14. Be3
Qe7 15. c4 b6 16. Nc3 Bb7 17. Rad1 f5 18. Nd5 Qe6 19. b4 Nd7 20. Bb3 Nf6 21.
Nxf6+ Qxf6 22. c5+ Kh8 23. b5 bxc5 24. Bxc5 Rc8 25. Qd2 Bc7 26. Qd7 Be4 27. Be7
Qg6 28. f3 Bb7 29. Bd6 Bb6+ 30. Kh1 Bxf3 31. gxf3 e4 32. fxe4 fxe4 33. Bf7 1-0

[Event "Wch Seniors 23rd 2013"]
[Site "Opatija"]
[Date "2013.11.20"]
[Round "8.74"]
[White "Koryabkin, Valery"]
[Black "Pressl, Harald"]
[Result "1/2-1/2"]
[WhiteElo "2057"]
[BlackElo "1802"]
[PlyCount "76"]
[EventDate "2013.11.12"]

1. d4 Nf6 2. Nf3 e6 3. c4 b6 4. Nc3 Bb7 5. Bf4 Bb4 6. Qb3 Ba5 7. Nd2 Nc6 8. e3
d6 9. Bg5 h6 10. Bh4 g5 11. Bg3 h5 12. f3 h4 13. Bf2 Qe7 14. O-O-O O-O-O 15.
Kb1 Nd7 16. a3 e5 17. Qc2 Bxc3 18. Qxc3 f5 19. d5 Ncb8 20. b4 g4 21. Bd3 Qf6
22. Qc2 gxf3 23. gxf3 f4 24. Bf5 Na6 25. Rhg1 Rhg8 26. Be6 Rxg1 27. Rxg1 Kb8
28. Rg6 Qe7 29. exf4 exf4 30. Rg4 Rh8 31. Bxd7 Qxd7 32. Bxh4 Bc8 33. Rxf4 Kb7
34. Bg3 Re8 35. Ne4 Qh3 36. Rf7 Kb8 37. Kb2 Bf5 38. Kb3 Qh5 1/2-1/2

[Event "Wch Seniors 23rd 2013"]
[Site "Opatija"]
[Date "2013.11.20"]
[Round "8.75"]
[White "Norman, Dinah M"]
[Black "Bondar, Leonid"]
[Result "0-1"]
[WhiteElo "1800"]
[BlackElo "2049"]
[PlyCount "76"]
[EventDate "2013.11.12"]

1. d4 Nf6 2. Nf3 g6 3. Bf4 Bg7 4. e3 d5 5. h3 c5 6. c3 Nbd7 7. Be2 O-O 8. O-O
Ne4 9. Nbd2 Ndf6 10. Be5 c4 11. Nxe4 Nxe4 12. Bxg7 Kxg7 13. Nd2 f5 14. f4 b5
15. a3 a5 16. Nf3 Rb8 17. Ne5 Rf6 18. Bf3 b4 19. axb4 axb4 20. Bxe4 fxe4 21.
Qd2 Rfb6 22. cxb4 Qd6 23. Rfc1 Rxb4 24. Rc2 Bd7 25. Nxd7 Qxd7 26. Qc1 R8b6 27.
Ra5 Qb7 28. Ra2 Rb3 29. Kf2 Qb8 30. Ke2 g5 31. g3 gxf4 32. gxf4 Rg6 33. Kf2 Qc8
34. Qh1 Qe6 35. Ra1 Qb6 36. Qc1 Qf6 37. Qh1 Qh4+ 38. Ke2 Qg3 0-1

[Event "Wch Seniors 23rd 2013"]
[Site "Opatija"]
[Date "2013.11.20"]
[Round "8.76"]
[White "Spika, Ivica"]
[Black "Korenevski, Oleg"]
[Result "1-0"]
[WhiteElo "2018"]
[BlackElo "1880"]
[PlyCount "69"]
[EventDate "2013.11.12"]

1. d4 Nf6 2. c4 e6 3. Nc3 Bb4 4. e3 O-O 5. Bd3 d5 6. Nge2 b6 7. O-O Bb7 8. cxd5
exd5 9. Qc2 a5 10. a3 Bd6 11. f3 c5 12. Nb5 c4 13. Bf5 g6 14. Nxd6 Qxd6 15. Bh3
Nc6 16. Rd1 Rfe8 17. g3 Bc8 18. Bxc8 Raxc8 19. Nc3 Rcd8 20. b3 Qe6 21. bxc4
dxc4 22. Rb1 Ne7 23. e4 Nc8 24. Bg5 Rd7 25. Kg2 Kg7 26. Bxf6+ Qxf6 27. d5 Qd6
28. Nb5 Qc5 29. Qc3+ f6 30. Rd4 Nd6 31. Nxd6 Qxd6 32. Rxc4 Qb8 33. Rc6 Rd6 34.
Rbxb6 Qxb6 35. Rxb6 1-0

[Event "Wch Seniors 23rd 2013"]
[Site "Opatija"]
[Date "2013.11.20"]
[Round "8.77"]
[White "Belokopyt, Boris"]
[Black "Benson, Lachlan"]
[Result "1-0"]
[WhiteElo "1942"]
[BlackElo "2039"]
[PlyCount "93"]
[EventDate "2013.11.12"]

1. d4 Nf6 2. c4 g6 3. Nc3 d5 4. Bg5 dxc4 5. Bxf6 exf6 6. e3 Bg7 7. Bxc4 O-O 8.
Nf3 c6 9. a4 b6 10. O-O Bb7 11. Qb3 Nd7 12. Rad1 Qc7 13. Qa2 Rad8 14. e4 Qf4
15. Rfe1 g5 16. Re3 a6 17. Ne2 Qc7 18. Ng3 b5 19. Bd3 Qa5 20. b3 Nb6 21. Bc2
Qb4 22. Nf5 bxa4 23. bxa4 Bc8 24. Rb1 Qa5 25. Ne7+ Kh8 26. Nxc6 Be6 27. Nxa5
Bxa2 28. Rxb6 g4 29. Ne1 Rxd4 30. Rxa6 Rc8 31. g3 Rd2 32. Rc6 Rcd8 33. Rd3
R2xd3 34. Nxd3 h5 35. Nb7 Rd7 36. Nd6 Kh7 37. Nf4 h4 38. gxh4 Be6 39. e5+ Kh6
40. Nxe6 fxe6 41. Ne8 Rd2 42. Nxg7 Kxg7 43. exf6+ Kxf6 44. Bb3 Re2 45. Bxe6
Rxe6 46. Rxe6+ Kxe6 47. a5 1-0

[Event "Wch Seniors 23rd 2013"]
[Site "Opatija"]
[Date "2013.11.20"]
[Round "8.78"]
[White "Catania, Duane"]
[Black "Sevenyuk, Alexey"]
[Result "1-0"]
[WhiteElo "2029"]
[BlackElo "1886"]
[PlyCount "49"]
[EventDate "2013.11.12"]

1. e4 c6 2. d4 d5 3. Nc3 dxe4 4. Nxe4 Bf5 5. Ng3 Bg6 6. Nf3 e6 7. Be2 Bd6 8.
O-O Nd7 9. c4 Ne7 10. Re1 Qc7 11. Bd3 O-O-O 12. Ne4 Bf4 13. Qa4 Kb8 14. b4 h5
15. Ba3 Ne5 16. Nxe5 Bxe5 17. dxe5 Rxd3 18. b5 Nf5 19. Rab1 cxb5 20. Rxb5 Qc6
21. Nc5 Rxa3 22. Qxa3 b6 23. Rd1 Rc8 24. Rd7 a5 25. Qxa5 1-0

[Event "Wch Seniors 23rd 2013"]
[Site "Opatija"]
[Date "2013.11.20"]
[Round "8.79"]
[White "Schwertel, Johann"]
[Black "Choong, Liong-On Mark"]
[Result "0-1"]
[WhiteElo "2016"]
[BlackElo "1924"]
[PlyCount "118"]
[EventDate "2013.11.12"]

1. d4 Nf6 2. Nf3 g6 3. Bf4 Bg7 4. c3 d6 5. e3 O-O 6. Bd3 Nbd7 7. O-O Re8 8. Bc2
c6 9. h3 Qb6 10. Qc1 e5 11. Bg3 e4 12. Nfd2 d5 13. c4 Nh5 14. Bh2 Bh6 15. Nc3
Ndf6 16. Na4 Qd8 17. Nc3 a6 18. Ne2 Be6 19. b3 Qd7 20. Ng3 Ng7 21. Qe1 b5 22.
c5 a5 23. a3 Nf5 24. Qe2 Nh4 25. f4 Kh8 26. Qf2 Nxg2 27. Qxg2 Bxh3 28. Qe2 Bg4
29. Qe1 Bg7 30. Bd1 h5 31. Nh1 Rg8 32. Qh4 Bh3 33. Nf2 Bxf1 34. Nxf1 Nh7 35.
Qh3 Qe7 36. Be2 Bh6 37. Ng3 f5 38. Kh1 h4 39. Nf1 g5 40. Qxf5 gxf4 41. Bxf4
Bxf4 42. Qxf4 Raf8 43. Qh2 Rg7 44. Ng4 Rfg8 45. Qh3 Ng5 46. Qg2 Nf3 47. Bxf3
exf3 48. Qxf3 Rxg4 49. Nh2 Qe4 50. Rf1 Qxf3+ 51. Nxf3 Rg3 52. Kh2 Rg2+ 53. Kh3
Re2 54. Re1 Rb2 55. b4 Rg3+ 56. Kxh4 Rxf3 57. bxa5 Rg2 58. a6 Rf7 59. Kh3 Rg6
0-1

[Event "Wch Seniors 23rd 2013"]
[Site "Opatija"]
[Date "2013.11.20"]
[Round "8.80"]
[White "Morriss, Pete"]
[Black "Bohman, Leif"]
[Result "1-0"]
[WhiteElo "2008"]
[BlackElo "1880"]
[PlyCount "91"]
[EventDate "2013.11.12"]

1. b4 d5 2. Bb2 Bf5 3. e3 e6 4. Nf3 c6 5. Be2 Nd7 6. O-O Ngf6 7. b5 Be7 8. Nd4
Qc7 9. Nxf5 exf5 10. c4 O-O 11. Nc3 a6 12. Qb1 g6 13. Rc1 Qd8 14. cxd5 cxb5 15.
d3 b4 16. Nd1 Nxd5 17. Bf3 N7b6 18. Qc2 Qd7 19. Qd2 Rfc8 20. Bd4 a5 21. Nb2 Bf6
22. Bxf6 Nxf6 23. d4 Ne4 24. Qe1 Na4 25. Nc4 f6 26. Qd1 b6 27. Nd2 Nac3 28.
Qb3+ Kg7 29. Rc2 Nxd2 30. Rxd2 Ra7 31. Rc2 Qd6 32. Rac1 Rac7 33. g3 g5 34. h3
h6 35. Kh2 Rc4 36. Bg2 R4c7 37. Kh1 h5 38. h4 g4 39. Bf1 Qd7 40. a3 Qd6 41.
axb4 axb4 42. Rb2 Rb8 43. Qxb4 Qxb4 44. Rxb4 Rbc8 45. Bd3 Kg6 46. Rxb6 1-0

[Event "Wch Seniors 23rd 2013"]
[Site "Opatija"]
[Date "2013.11.20"]
[Round "8.81"]
[White "Jorgensen, Arne Bjorn"]
[Black "Borensztajn, David"]
[Result "1/2-1/2"]
[WhiteElo "1999"]
[BlackElo "1869"]
[PlyCount "22"]
[EventDate "2013.11.12"]

1. Nf3 d5 2. d4 Nf6 3. c4 c6 4. Nc3 dxc4 5. e3 Bf5 6. Bxc4 e6 7. O-O Bb4 8. Qb3
Qe7 9. a3 Bd6 10. Re1 Ne4 11. Nxe4 Bxe4 1/2-1/2

[Event "Wch Seniors 23rd 2013"]
[Site "Opatija"]
[Date "2013.11.20"]
[Round "8.82"]
[White "Lim, Kian Hwa"]
[Black "Mortensen, Steen Juul"]
[Result "1-0"]
[WhiteElo "1883"]
[BlackElo "1999"]
[PlyCount "63"]
[EventDate "2013.11.12"]

1. e4 e5 2. Nf3 Nc6 3. Bb5 a6 4. Ba4 Nf6 5. d3 b5 6. Bb3 d6 7. c3 Be7 8. O-O
O-O 9. Re1 Nb8 10. Nbd2 Nbd7 11. Nf1 h6 12. Ng3 Re8 13. h3 Bf8 14. Be3 Bb7 15.
Qd2 d5 16. Rad1 c5 17. Nf5 c4 18. dxc4 Nxe4 19. Qc1 Qf6 20. Nxh6+ gxh6 21. cxd5
Ndc5 22. Nh2 Nxb3 23. axb3 Rad8 24. Ng4 Qg6 25. Bxh6 f5 26. Bxf8 fxg4 27. Qh6
Qxh6 28. Bxh6 Rxd5 29. Rxd5 Bxd5 30. c4 Bb7 31. hxg4 Nd2 32. Bxd2 1-0